00245nam a2200109Ia 4500008004100000100002400041245001100065260002100076650001400097942000700111999001700118190216s9999||||xx |||||||||||||| ||und|| aMadambu Kunjukuttan 0aKolani bD C Books Kerala aMalayalam cBK c26002d26002